|
|
|
|
| LEADER |
00000nas a2200000 i 4500 |
| 001 |
in00000011095 |
| 005 |
20251126081454.4 |
| 002 |
АВ3Р/1998/5 |
| 008 |
081006u19?? rur l000 0yrus d |
| 035 |
|
|
|a ( UA-KiNSAL)АВ3Р/1998/5
|
| 040 |
|
|
|a UA-KiNSAL
|b ukr
|c UA-KiNSAL
|
| 090 |
|
|
|
| 245 |
0 |
0 |
|a NJ
|
| 260 |
|
|
|a Б.м.
|
| 530 |
|
|
|a Original record
|u https://kubg.libs.net.ua/kubg_recs/0000031627.txt
|
| 942 |
|
|
|2 UDC
|c JOURNAL
|
| 952 |
|
|
|a XP
|b книга
|d ХР
|z 20150217
|i 1Jv0034523
|j АВ3Р/1998/5
|o
|h 1998, № 5/6
|c 1
|
| 920 |
|
|
|a NJ
|
| 961 |
|
|
|a 691
|
| 991 |
0 |
0 |
|a АВ3Р/1998/5
|
| 997 |
|
|
|a 0000031627
|
| 998 |
|
|
|a 31627
|
| 999 |
f |
f |
|i 877283e2-4d54-42d2-92fb-c84c2e000b35
|s e8e5a64d-5776-4934-8221-3423fb8b6459
|t 0
|
| 952 |
f |
f |
|p Може видаватися
|a Національна наукова сільськогосподарська бібліотека
|b Центральна будівля
|c ННСБ всі підрозділи
|d Відділ зберігання
|t 0
|e АВ3Р/1998/5
|i книга
|n 1
|